| 000 | 00356nam a2200145Ia 4500 | ||
|---|---|---|---|
| 008 | 230917s9999||||xx |||||||||||||| ||und|| | ||
| 040 |
_e138917 _aMAIN |
||
| 041 | _aEnglish | ||
| 082 | _a005.1 M531A | ||
| 100 | _aMercer, Dave | ||
| 245 | 0 | _aASP 3.0: A beginner's guide | |
| 260 |
_aNew Delhi _bTata McGraw-Hill _c2001 |
||
| 300 | _a526 p. | ||
| 942 | _cBK | ||
| 999 |
_c112164 _d112164 |
||